Central Library OPAC University of Rajshahi

Ways to teach bookkeeping and accounting / (Record no. 73742)

MARC details
000 -LEADER
fixed length control field 00687nam a2200229 a 4500
001 - CONTROL NUMBER
control field 73742
003 - CONTROL NUMBER IDENTIFIER
rucl marc code BD-RjUL
005 - DATE AND TIME OF LATEST TRANSACTION
control field 20211209082435.0
008 - FIXED-LENGTH DATA ELEMENTS--GENERAL INFORMATION
fixed length control field 170608s1943 ohuk b 001 0 eng
035 ## - SYSTEM CONTROL NUMBER
System control number (BD-RjUL)73960
040 ## - CATALOGING SOURCE
Original cataloging agency DLC
Transcribing agency RPB
Modifying agency BD-RjUL
Language of cataloging eng
041 ## - LANGUAGE CODE
Language code of text/sound track or separate title eng
082 ## - DEWEY DECIMAL CLASSIFICATION NUMBER
Classification number 657
Edition number 23
Author mark and year ANW 1943
100 1# - MAIN ENTRY--PERSONAL NAME
Personal name Andruss, Harvey Adolphus,
Dates associated with a name 1902-1984.
9 (RLIN) 218293
245 00 - TITLE STATEMENT
Title Ways to teach bookkeeping and accounting /
Statement of responsibility, etc. Harvey Adolphus Andruss
250 ## - EDITION STATEMENT
Edition statement 2d ed.
260 ## - PUBLICATION, DISTRIBUTION, ETC. (IMPRINT)
Place of publication, distribution, etc. Cincinnati;
-- New York :
Name of publisher, distributor, etc. Southwestern Publishing Company,
Date of publication, distribution, etc. c1943
300 ## - PHYSICAL DESCRIPTION
Pagination xi, 321 p. ;
Size 24 cm.
504 ## - BIBLIOGRAPHY, ETC. NOTE
Bibliography, etc Bibliography: p. 269-311.
650 #0 - SUBJECT ADDED ENTRY--TOPICAL TERM
Topical term or geographic name as entry element Accounting
9 (RLIN) 218294
942 ## - ADDED ENTRY ELEMENTS (KOHA)
Source of classification or shelving scheme Dewey Decimal Classification
Koha item type Books
Holdings
Lost status Source of classification or shelving scheme Damaged status Not for loan Collection code Permanent Location Current Location Shelving location Date acquired Source of acquisition Total Checkouts Full call number Date last seen Copy number Koha item type
  Dewey Decimal Classification   Not For Loan Non-fiction Central Library, University of Rajshahi Central Library, University of Rajshahi Reading Room 26/07/1962 Asia Foundation   657 ANW 1943 08/06/2017 C-1 Books